000 00614nam a2200217Ia 4500
005 20250508165029.0
008 008 250505s9999 xx 000 0 eng d
020 _a0-534-14130-7
037 _aTextual
040 _aFEDL
_beng
_cFEDL
041 _aeng
_2eng
084 _a153.4, MAR
_qFEDL
100 _aMartindale Colin
_917645
245 0 _aCognitive psychology: A neural-network approach
260 _aCalifornia, USA
_bBrooks/ Cole Publishing Company
_c1991
300 _axxi,282p.
365 _aUSD
_b36
546 _aMACESE
942 _cTEXL
_h153.4, MAR
999 _c1392750
_d1392750